Ekonomičeskije i organizacionnyje uslovija podderžki predprinimatel'stva v Rosii.

Ciele Programu na podporu podnikania. Zabezpečenie vonkajších podmienok pre realizáciu programu (stabilné zákonodarstvo, efektívna finančná a daňová politika, rozvíjanie medzirepublikových zahraničnoekonomických vzťahov). Smery rozvoja infraštruktúry trhu.

Salvato in:
Dettagli Bibliografici
Autore principale: Černogorodskij, V.
Altri autori: Cyganov, A.
Natura: Capitolo di libro
Lingua:russo
Soggetti:
Tags: Aggiungi Tag
Nessun Tag, puoi essere il primo ad aggiungerne!!

MARC

LEADER 00000naa a2200000 4500
001 r007349
005 20221208123240.1
041 0 |a rus 
044 |a [SU] 
245 1 0 |a Ekonomičeskije i organizacionnyje uslovija podderžki predprinimatel'stva v Rosii.  |c V. Černogorodskij, A. Cyganov 
520 |a Ciele Programu na podporu podnikania. Zabezpečenie vonkajších podmienok pre realizáciu programu (stabilné zákonodarstvo, efektívna finančná a daňová politika, rozvíjanie medzirepublikových zahraničnoekonomických vzťahov). Smery rozvoja infraštruktúry trhu. 
610 2 0 |a podnikanie 
610 2 0 |a Rusko 
610 2 0 |a programy cieľové štátne 
610 2 0 |a infraštruktúra 
610 2 0 |a trh 
610 2 0 |a zákonodarstvo 
610 2 0 |a politika finančná 
610 2 0 |a politika daňová 
610 2 0 |a vzťahy hospodárske medzinárodné 
100 1 |a Černogorodskij, V. 
700 1 |a Cyganov, A.